Psychological testing / (Record no. 6745)
[ view plain ]
| 000 -LEADER | |
|---|---|
| fixed length control field | 00404cam a2200145 a 4500 |
| 020 ## - ISBN | |
| International Standard Book Number | 0023029609 |
| 050 00 - LIBRARY OF CONGRESS CALL NUMBER | |
| Classification Number | BF176 |
| Item Number | .A5 1982 |
| 100 1# - MAIN ENTRY--Author | |
| Personal name | Anastasi, Anne, |
| Dates associated with a name | 1908-2001. |
| 245 10 - TITLE | |
| Title | Psychological testing / |
| Statement of responsibility, etc | Anne Anastasi. |
| 250 ## - EDITIONSTATEMENT | |
| Edition statement | 5th ed. |
| 260 ## - PUBLICATION, DISTRIBUTION, ETC.(IMPRINT) | |
| Place of publication, distribution, etc | New York : |
| Name of publisher, distributor, etc | Macmillan ; |
| Place of publication, distribution, etc | London : |
| Name of publisher, distributor, etc | Collier Macmillan, |
| Date of publication, distribution, etc | c1982. |
| 300 ## - PHYSICAL DESCRIPTION | |
| Extent | xiii, 784 p. : |
| 500 ## - GENERALNOTE | |
| General note | Includes indexes. |
| 942 ## - ADDED ENTRY ELEMENTS(KOHA) | |
| Source of classification or shelving scheme | Library of Congress Classification |
| Koha item type | General circulation |
| Source of classification or shelving scheme | Not for loan | Location (home branch) | Sublocation (holding branch) | Shelving location | Date accessioned | Source of acquisition | Full call number | Barcode | Koha item type |
|---|---|---|---|---|---|---|---|---|---|
| Library of Congress Classification | Main Campus Library | Main Campus Library | 08/06/2017 | Donation- Books for Africa | BF176 .A5 1982 | 2015/003685 | General circulation |